Normal view MARC view
  • Solana, Fernando

Entry Nombre Personal

Number of records used in: 28

001 - NUMERO DE CONTROL

  • campo de control: 30026

003 - IDENTIFICADOR DE NUMERO DE CONTROL

  • campo de control: DLC

005 - FECHA Y HORA DE LA ÜLTIMA TRANSACCIÓN

  • campo de control: 20220829155811.0

008 - DATOS DE LONGITUD FIJA

  • campo de control de longitud fija: 830412n| azannaabn |a aaa

010 ## - NÚMERO DE CONTROL DE LA BIBLIOTECA DEL CONGRESO

  • Número de control LC: n 83001440
  • Número de Control LC Cancelado/inválido: nr 94033434

035 ## - NUMERO DE CONTROL

  • Número de control: (OCoLC)oca00898277

035 ## - NUMERO DE CONTROL

  • Número de control: (CaEvSKY)skya1986433

040 ## - FUENTE DE CATALOGACIÓN

  • Agencia original de catalogación: DLC
  • Lenguaje de catalogación: spa
  • Description conventions: rda
  • Agencia de transcripción: DLC
  • Agencia que lo modifica: OCoLC
  • Agencia que lo modifica: MX-MrUMS
  • Agencia que lo modifica: MX-MxUPN

100 1# - ENCABEZAMIENTO - NOMBRE PERSONAL

  • Nombre personal: Solana, Fernando

370 ## - LUGAR ASOCIADO

  • Place of birth: México
  • Fuente del término: naf

373 ## - GRUPO ASOCIADO

  • Associated group: Fondo Mexicano para la Educación y el Desarrollo
  • Associated group: Universidad Nacional Autónoma de México
  • Associated group: Banco Nacional de México
  • Fuente del término: naf

377 ## - LENGUA ASOCIADA

  • Language code: spa

400 1# - VEÁSE - NOMBRE DE PERSONA

  • Personal name: Solana Morales, Fernando

670 ## - FUENTE EN LA QUE SE LOCALIZARON DATOS

  • Cita de la fuente: América Latina XXI, 2002:
  • Información localizada: portada (Fernando Solana) página 311 (Mexican, president of Fondo Mexicano para la Educación y el Desarrollo; consultant for Analítica Consultores, and president of Solana Asociados, S.C.)

670 ## - FUENTE EN LA QUE SE LOCALIZARON DATOS

  • Cita de la fuente: Comparecencia del Secretario de Relaciones Exteriores ... 1990:
  • Información localizada: portada (Lic. Fernando Solana Morales)

670 ## - FUENTE EN LA QUE SE LOCALIZARON DATOS

  • Cita de la fuente: Evocación del 68, 2008:
  • Información localizada: portada (Fernando Solana) página 231 (secy. gen. of UNAM, 1966-70; [Mexican] secy. of commerce, 1976-77; of educ., 1977-82; and of foreign relations, 1988-93; gen. dir., Banco Nac. de México, 1982-88; senator, 1994-2000)

670 ## - FUENTE EN LA QUE SE LOCALIZARON DATOS

  • Cita de la fuente: América Latina XXI: ¿avanzará o retrocederá la pobreza?, 2002:
  • Información localizada: portada (Fernando Solana) página 311 (Fernando Solana. Mexicano. Actualmente preside el Fondo Mexicano para la Educación y el Desarrollo. Ha sido secretario general de la Universidad Nacional Autónoma de México, director general del Banco Nacional de México)

902 ## - CATALOGADOR

  • Catalogador: VRC/290822